000 00616nam a2200217Ii 4500
003 JO-AjNU
008 230606s9999||||xx |||||||||||||| ||und||
020 _a978-1-509-54854-5
040 _aJO-AjNU
_beng
_erda
_cJO-AjNU
041 _aeng
050 1 4 _aQ335.C53 2022
100 3 _aCoeckelbergh, Mark ,
_eauthor
_96519
245 0 4 _aThe Political Philosophy of AI: An Introduction
250 _a1ed
264 3 1 _aCambridge: Polity Press, 2022
300 _a186p
336 _atext
_btxt
_2rdacontent
337 _aunmediated
_bn
_2rdamedia
338 _avolume
_bnc
_2rdacarrier
650 4 _aPolitical-AI
_96520
999 _aE3384
_c3380
_d3380